| 000 | 00627nam a22002417a 4500 | ||
|---|---|---|---|
| 003 | OSt | ||
| 005 | 20180723150222.0 | ||
| 008 | 121208t xxu||||| |||| 00| 0 eng d | ||
| 020 | _a9716300026 | ||
| 050 |
_bND 1029 _a.Qu8 1992 |
||
| 082 |
_aFIL 920 _b.Q48 1992 |
||
| 100 | _aQuirino, Carlos | ||
| 245 |
_aJuan Luna / _cCarlos Quirino. |
||
| 260 |
_aManila, Philippines : _bTahanan Books for Young Readers _cc1992 |
||
| 300 |
_a32 p. : _bill. ; _c25 cm. |
||
| 650 | _aLuna, Juan | ||
| 650 |
_aHeroes _xPhilippines _xBiography |
||
| 942 |
_2lcc _cBK |
||
| 999 |
_c1562 _d1562 |
||